Statistics for Emirates Airline Destinations on a Map

Click here to take the quiz!

General Stats

  • This quiz has been taken 1,372 times
    (1,348 since last reset)
  • The average score is 104 of 141

Answers on the Map

Answers color-coded by a green-red scale on the quiz's map according to % correct below.
 

Answer Stats

City% Correct
London
95%
Newark
95%
New York City
94%
Sydney
93%
Fort Lauderdale | Miami
92%
Los Angeles
92%
Madrid
92%
Mexico City
92%
Moscow
92%
Paris
92%
Lisbon
91%
Rome
91%
Tokyo
91%
Dublin
90%
San Francisco
90%
Dubai
89%
Barcelona
88%
Cairo
88%
Delhi
88%
Istanbul
88%
Manchester
88%
Rio de Janeiro
88%
Seoul
88%
Chicago
87%
Melbourne
87%
Oslo
87%
Seattle
87%
Amsterdam
86%
Athens
86%
Auckland
86%
Beijing
86%
Cape Town
86%
Perth
86%
Stockholm
86%
Toronto
86%
Buenos Aires
85%
Mumbai
85%
Washington, D.C.
85%
Bangkok
84%
Boston
84%
Dallas
84%
Frankfurt
84%
Houston
84%
Johannesburg
84%
Milan
84%
Saint Petersburg
84%
São Paulo
84%
Warsaw
84%
Brussels
83%
Copenhagen
83%
Jakarta
83%
Santiago
83%
Shanghai
83%
Hong Kong
82%
Manila
82%
Munich
82%
Singapore
82%
Glasgow
81%
Osaka
81%
Tunis
81%
Vienna
81%
Edinburgh
79%
Kuala Lumpur
79%
Orlando
79%
Riyadh
79%
Taipei
79%
Tehran
79%
Zürich
79%
Brisbane
78%
Hamburg
78%
Porto
78%
Prague
78%
Budapest
77%
Islamabad
77%
Kuwait City
77%
Addis Ababa
76%
Algiers
76%
Baghdad
76%
Casablanca
76%
Nice
76%
Venice
76%
Birmingham
75%
Colombo
75%
Dhaka
75%
Hanoi
75%
Lyon
75%
Muscat
75%
Ho Chi Minh City
74%
Jeddah
74%
Malé
74%
Nairobi
74%
Adelaide
73%
Kabul
73%
Lagos
73%
Amman
72%
Beirut
72%
Geneva
72%
Zagreb
72%
Christchurch
70%
Guangzhou
70%
Karachi
70%
Kolkata
69%
Dakar
66%
Düsseldorf
66%
Denpasar
65%
Khartoum
65%
Accra
64%
Lahore
64%
Luanda
64%
Chennai
63%
Malta | Luqa
63%
Newcastle upon Tyne
63%
Abuja
62%
Bengaluru
62%
Dar es Salaam
62%
Hyderabad
60%
Durban
59%
Medina
59%
Phnom Penh
57%
Manama
56%
Phuket
56%
Ahmedabad
55%
Harare
55%
{Nagoya} (Bus)
54%
Kampala
53%
Port Louis
52%
Bologna
51%
Cebu
51%
Abidjan
50%
Lusaka
50%
Dammam
46%
Victoria
46%
Conakry
43%
Larnaca
43%
Basra
37%
Kochi
35%
Penang
30%
Peshawar
29%
Thiruvananthapuram
29%
Clark
16%
Sialkot
16%

Score Distribution

Percentile by Number Answered

Percent of People with Each Score

Your Score History

You have not taken this quiz since the last reset